000 00658nam a2200229Ia 4500
003 OSt
005 20220926030926.0
006 a|||||r|||| 00| 0
007 ta
008 220923b |||||||| |||| 00| 0 eng d
037 _cGeneral Book
040 _aRTL
_cRTL
_beng
041 _2eng
_aeng
082 _aX71 . 237 . N91 <-- N90, N1.3
110 _aRAJASTHAN (Govt. of --)
245 0 _aRajasthan Budget .
260 _aRajasthan
_bGovt. of Rajasthan
_c1991
300 _avarious pages
_ccm.
700 _aRAJASTHAN (Govt. of --)
942 _hX71 . 237 . N91 <-- N90, N1.3
_cGB
_2CC
999 _c651060
_d651060